[Event "Aurora Summer op"]
[Site "Aurora CAN"]
[Date "2013.07.06"]
[Round "2.4"]
[White "Plotkin, Mark"]
[Black "Ochkoos, Jura"]
[Result "1/2-1/2"]
[WhiteElo "2223"]
[BlackElo "2299"]
[PlyCount "69"]
[EventDate "2013.07.06"]
[EventType "swiss"]
[EventRounds "5"]
[EventCountry "CAN"]

1. e4 e5 2. Nf3 Nc6 3. Bc4 Bc5 4. c3 Nf6 5. d4 exd4 6. cxd4 Bb4+ 7. Bd2 Nxe4 8.
Bxb4 Nxb4 9. Bxf7+ Kxf7 10. Qb3+ d5 11. Qxb4 Rf8 12. Nc3 Nxc3 13. Ne5+ Kg8 14.
Qxc3 c6 15. O-O Bf5 16. b4 a5 17. a4 Qb6 18. bxa5 Rxa5 19. g4 Bc8 20. f4 c5 21.
Rfb1 Qc7 22. Rb5 Rxb5 23. axb5 c4 24. f5 Qb6 25. Ra5 g6 26. Ra8 Qxb5 27. f6
Qb1+ 28. Kg2 Qe4+ 29. Kg3 g5 30. f7+ Kg7 31. Qa3 Qf4+ 32. Kg2 Qd2+ 33. Kg3 Qf4+
34. Kg2 Qe4+ 35. Kg3 1/2-1/2

[Event "Aurora Summer op"]
[Site "Aurora CAN"]
[Date "2013.07.06"]
[Round "3.2"]
[White "Song, Michael"]
[Black "Plotkin, Mark"]
[Result "0-1"]
[WhiteElo "2390"]
[BlackElo "2223"]
[PlyCount "116"]
[EventDate "2013.07.06"]
[EventType "swiss"]
[EventRounds "5"]
[EventCountry "CAN"]

1. Nf3 Nf6 2. d4 e6 3. c4 b6 4. g3 Bb7 5. Bg2 Be7 6. O-O O-O 7. Nc3 Ne4 8. Bd2
f5 9. Rc1 d6 10. d5 Nxc3 11. Bxc3 e5 12. Ne1 Nd7 13. Nd3 Nc5 14. b4 Nxd3 15.
Qxd3 Qe8 16. Bd2 c5 17. dxc6 Bxc6 18. Bxc6 Qxc6 19. Qd5+ Qxd5 20. cxd5 Rfc8 21.
Be3 b5 22. a3 Kf7 23. Rxc8 Rxc8 24. Ra1 a6 25. Kf1 Rc4 26. Ke1 Bf6 27. Bb6 e4
28. Ra2 Bc3+ 29. Kf1 Kf6 30. Be3 Ke5 31. Rc2 Kxd5 32. Bf4 h6 33. h4 Bf6 34.
Rd2+ Rd4 35. Rc2 g5 36. hxg5 hxg5 37. Be3 Rc4 38. Ra2 Kc6 39. Bd2 d5 40. a4 Bd8
41. axb5+ Kxb5 42. Ke1 d4 43. Kf1 g4 44. Ke1 Bb6 45. Kd1 e3 46. fxe3 dxe3 47.
Be1 Bc7 48. Ra3 f4 49. gxf4 Bxf4 50. Ra5+ Kb6 51. Rf5 g3 52. Rf6+ Kb7 53. Rg6
Be5 54. Rxg3 Bxg3 55. Bxg3 Rxb4 56. Kc2 Rd4 57. Be1 Kc6 58. Bc3 Rd6 0-1

[Event "Aurora Summer op"]
[Site "Aurora CAN"]
[Date "2013.07.07"]
[Round "4.2"]
[White "Plotkin, Mark"]
[Black "Yuan, Yuanling"]
[Result "0-1"]
[WhiteElo "2223"]
[BlackElo "2319"]
[PlyCount "80"]
[EventDate "2013.07.06"]
[EventType "swiss"]
[EventRounds "5"]
[EventCountry "CAN"]

1. e4 c5 2. Nf3 d6 3. c3 Nf6 4. h3 Nc6 5. Bd3 g6 6. Bc2 Bg7 7. d4 cxd4 8. cxd4
O-O 9. Nc3 Qa5 10. O-O b5 11. e5 Ne8 12. Be4 Bb7 13. Nd5 e6 14. Ne7+ Nxe7 15.
Bxb7 Rd8 16. Qe1 Qc7 17. Be4 dxe5 18. Bd2 Rd7 19. Rc1 Qb8 20. dxe5 Nc7 21. Bb4
Rfd8 22. Bd6 Qb6 23. Qb4 Ncd5 24. Qc5 Rc8 25. Qxb6 Nxb6 26. Nd4 Rc4 27. Nc6
Rxe4 28. Nxe7+ Kh8 29. f3 Re2 30. Rf2 Rxf2 31. Kxf2 Nc4 32. f4 Nxd6 33. exd6
Bd4+ 34. Kf3 Rxd6 35. Rd1 Bc5 36. Rxd6 Bxd6 37. Nc8 Bb8 38. Ne7 Bc7 39. Nc8 Bb6
40. Ke4 Kg7 0-1

[Event "Aurora Summer op"]
[Site "Aurora CAN"]
[Date "2013.07.07"]
[Round "5.3"]
[White "Itkin, David"]
[Black "Plotkin, Mark"]
[Result "1-0"]
[WhiteElo "2151"]
[BlackElo "2223"]
[PlyCount "53"]
[EventDate "2013.07.06"]
[EventType "swiss"]
[EventRounds "5"]
[EventCountry "CAN"]

1. e4 e5 2. Nf3 Nf6 3. d4 exd4 4. e5 Ne4 5. Qxd4 d5 6. exd6 Nxd6 7. Bf4 Nc6 8.
Qd2 Be7 9. Nc3 Bf5 10. Bd3 Bxd3 11. Qxd3 Qd7 12. O-O-O O-O-O 13. Rhe1 Qf5 14.
Nd5 Qxd3 15. Rxd3 Bf8 16. h4 h6 17. h5 Re8 18. Rde3 Rxe3 19. Rxe3 Kd7 20. g4
Ne7 21. Ne5+ Kd8 22. Nxc7 Kxc7 23. Nxf7 Nd5 24. Nxh8 Nxf4 25. Rf3 g5 26. hxg6
Ne6 27. Rxf8 1-0

[Event "Toronto Reserves"]
[Site "Toronto CAN"]
[Date "2013.04.15"]
[Round "1"]
[White "Plotkin, Mark"]
[Black "Chernik, Dmitry"]
[Result "1-0"]
[WhiteElo "2163"]
[BlackElo "1905"]
[PlyCount "63"]
[EventDate "2013.04.15"]
[EventType "tourn"]
[EventRounds "7"]
[EventCountry "CAN"]

1. e4 d6 2. d4 Nf6 3. Nc3 e5 4. Nf3 Nbd7 5. Bg5 Be7 6. Bc4 c6 7. Qe2 O-O 8. h4
b5 9. Bd3 Bb7 10. Nd1 a6 11. c3 c5 12. d5 Re8 13. Ne3 Bxd5 14. Bxf6 Nxf6 15.
Nxd5 Nxd5 16. exd5 e4 17. Bxe4 Bf8 18. g4 Qd7 19. Nd2 g6 20. g5 Bg7 21. O-O-O
b4 22. c4 Qa4 23. Kb1 Rab8 24. Qf3 b3 25. axb3 Qb4 26. h5 a5 27. hxg6 hxg6 28.
Rh7 f5 29. gxf6 Kxh7 30. Bxg6+ Kxg6 31. Rg1+ Kh7 32. Rxg7+ 1-0

[Event "Toronto Reserves"]
[Site "Toronto CAN"]
[Date "2013.04.22"]
[Round "2"]
[White "Nasir, Zehn"]
[Black "Plotkin, Mark"]
[Result "0-1"]
[WhiteElo "2113"]
[BlackElo "2163"]
[PlyCount "66"]
[EventDate "2013.04.15"]
[EventType "tourn"]
[EventRounds "7"]
[EventCountry "CAN"]

1. e4 e5 2. Nf3 Nf6 3. d3 Nc6 4. g3 d5 5. exd5 Nxd5 6. Bg2 f6 7. O-O Be6 8.
Nbd2 Qd7 9. a3 g5 10. Ne4 Bg7 11. b4 b6 12. Bb2 Rd8 13. Qe2 O-O 14. Rad1 h6 15.
b5 Na5 16. d4 f5 17. Ned2 e4 18. Ne5 Bxe5 19. dxe5 Qf7 20. g4 Nf4 21. Qe3 Rxd2
22. Rxd2 Nc4 23. Qc3 Nxd2 24. Qxd2 Nxg2 25. Kxg2 fxg4 26. Kg1 Qf3 27. Re1 g3
28. hxg3 Bh3 29. Qd5+ Rf7 30. Qxe4 Qxf2+ 31. Kh1 Bg2+ 32. Qxg2 Qxe1+ 33. Kh2
Rf2 0-1

[Event "Toronto Reserves"]
[Site "Toronto CAN"]
[Date "2013.04.29"]
[Round "3"]
[White "Plotkin, Mark"]
[Black "Udrea, Chris"]
[Result "1-0"]
[WhiteElo "2163"]
[BlackElo "1876"]
[PlyCount "100"]
[EventDate "2013.04.15"]
[EventType "tourn"]
[EventRounds "7"]
[EventCountry "CAN"]

1. e4 e6 2. d4 d5 3. Nc3 dxe4 4. Nxe4 Nf6 5. Bg5 Be7 6. Bxf6 Bxf6 7. Nf3 Bd7 8.
Bd3 Bc6 9. c3 Bxe4 10. Bxe4 c6 11. Qc2 g6 12. O-O-O Qa5 13. Kb1 Nd7 14. c4 Qc7
15. Qa4 Nb6 16. Qa5 Rc8 17. Rc1 O-O 18. h4 Qf4 19. Rhe1 Qc7 20. h5 Nd5 21. Qd2
Nf4 22. Rh1 Bg7 23. h6 Bf6 24. g3 Nh5 25. Rxh5 gxh5 26. Ng5 Kh8 27. Nxh7 Be7
28. Nxf8 Bxf8 29. Qg5 f5 30. Bc2 Qf7 31. Rh1 Kh7 32. d5 cxd5 33. cxd5 Qg6 34.
Qxh5 Qxh5 35. Rxh5 Kg6 36. g4 Bxh6 37. dxe6 Kg7 38. g5 Bxg5 39. Rxg5+ Kf6 40.
Rxf5+ Kxe6 41. Rf3 Rh8 42. b4 b6 43. Kb2 a5 44. b5 Kd5 45. Rc3 Rf8 46. f3 Kd4
47. Rc6 Rxf3 48. Rxb6 Kc5 49. Rb8 Rf2 50. b6 Kc6 1-0

[Event "Toronto Reserves"]
[Site "Toronto CAN"]
[Date "2013.05.06"]
[Round "4"]
[White "Oliveira, Rodrigo"]
[Black "Plotkin, Mark"]
[Result "0-1"]
[WhiteElo "1937"]
[BlackElo "2163"]
[PlyCount "64"]
[EventDate "2013.04.15"]
[EventType "tourn"]
[EventRounds "7"]
[EventCountry "CAN"]

1. d4 Nf6 2. c4 e6 3. g3 d5 4. Nc3 dxc4 5. Nf3 c6 6. Bg2 b5 7. O-O Nbd7 8. e4
Be7 9. d5 exd5 10. exd5 Nxd5 11. Nxd5 cxd5 12. Qxd5 Rb8 13. Bf4 Rb6 14. Ne5
Nxe5 15. Qxe5 O-O 16. Rad1 Qe8 17. Qc7 Bg4 18. Rde1 Be6 19. Qxa7 Bc5 20. Bc7
Rc6 21. Qb7 Rxc7 22. Qxc7 Bd4 23. Bc6 Qb8 24. Qxb8 Rxb8 25. Re2 b4 26. Rd1 Bg4
27. Rxd4 Bxe2 28. Rd2 Bd3 29. f4 c3 30. bxc3 bxc3 31. Rxd3 c2 32. Rc3 Rb1+ 0-1

[Event "Toronto Reserves"]
[Site "Toronto CAN"]
[Date "2013.05.13"]
[Round "5"]
[White "Plotkin, Mark"]
[Black "Stefanovic, Miroslav"]
[Result "1-0"]
[WhiteElo "2163"]
[BlackElo "1949"]
[PlyCount "50"]
[EventDate "2013.04.15"]
[EventType "tourn"]
[EventRounds "7"]
[EventCountry "CAN"]

1. e4 c5 2. Nf3 g6 3. d4 cxd4 4. Nxd4 Bg7 5. c4 Nc6 6. Be3 Nf6 7. Nc3 O-O 8.
Be2 d6 9. O-O Nd7 10. Qd2 Nxd4 11. Bxd4 Bxd4 12. Qxd4 Nf6 13. Nd5 Nxd5 14. cxd5
Bd7 15. b4 Qb6 16. Qxb6 axb6 17. Rfc1 Rfc8 18. Rxc8+ Rxc8 19. b5 Rc5 20. a4 e6
21. dxe6 Bxe6 22. f3 d5 23. exd5 Bxd5 24. Rd1 g5 25. Kf2 f6 1-0

[Event "Toronto Reserves"]
[Site "Toronto CAN"]
[Date "2013.05.27"]
[Round "6"]
[White "Plotkin, Mark"]
[Black "Manalo, Pepin"]
[Result "1-0"]
[WhiteElo "2163"]
[BlackElo "1841"]
[PlyCount "107"]
[EventDate "2013.04.15"]
[EventType "tourn"]
[EventRounds "7"]
[EventCountry "CAN"]

1. e4 c5 2. Nf3 Nc6 3. d4 cxd4 4. Nxd4 Nf6 5. Nc3 d6 6. Bg5 e5 7. Nb3 Be7 8.
Bxf6 Bxf6 9. Nd5 Bg5 10. g3 Bh6 11. Qh5 O-O 12. Bg2 a5 13. a4 Bd7 14. O-O Nb4
15. c3 Nxd5 16. exd5 Qb6 17. Qd1 Rac8 18. Qc2 Rc4 19. Nc1 g6 20. Re1 Rfc8 21.
Bf1 Rd4 22. Qb3 Qxb3 23. Nxb3 Rxd5 24. c4 Rd2 25. Nxd2 Bxd2 26. Red1 Bb4 27.
Bg2 b6 28. Bd5 Kg7 29. Kg2 f5 30. f3 Kf6 31. b3 Bc3 32. Ra2 h5 33. Bb7 Rc7 34.
Rxd6+ Ke7 35. Rd3 Bd4 36. Bd5 Be8 37. f4 Kf6 38. fxe5+ Bxe5 39. Re2 g5 40. Rxe5
Kxe5 41. Re3+ Kd4 42. Rxe8 Kc3 43. Re5 Rc5 44. Rxf5 Kxb3 45. Rxg5 Kxa4 46. Rxh5
Kb3 47. Rh6 a4 48. Rxb6+ Kc3 49. Ra6 Kb3 50. h4 a3 51. h5 a2 52. h6 Kb2 53. h7
Rc8 54. Bg8 1-0

[Event "Toronto Reserves"]
[Site "Toronto CAN"]
[Date "2013.06.03"]
[Round "7"]
[White "Southam, David"]
[Black "Plotkin, Mark"]
[Result "1/2-1/2"]
[WhiteElo "2193"]
[BlackElo "2163"]
[PlyCount "47"]
[EventDate "2013.04.15"]
[EventType "tourn"]
[EventRounds "7"]
[EventCountry "CAN"]

1. d4 Nf6 2. Nc3 d5 3. Bg5 Nbd7 4. Qd2 e6 5. e3 c5 6. Nf3 a6 7. Ne5 Be7 8. Be2
Nxe5 9. dxe5 Nd7 10. Bxe7 Qxe7 11. f4 b5 12. Bf3 Nb6 13. b3 Bb7 14. O-O O-O 15.
a4 b4 16. Ne2 a5 17. c3 Nd7 18. Rfc1 f6 19. exf6 Nxf6 20. cxb4 axb4 21. Ra2 Ra5
22. Rac2 Rc8 23. h3 Ba6 24. Rb2 1/2-1/2

[Event "Wch-U14"]
[Site "Maribor SLO"]
[Date "2012.11.09"]
[Round "2.35"]
[White "Wang, Yi Ye"]
[Black "Plotkin, Mark"]
[Result "1-0"]
[WhiteElo "2112"]
[BlackElo "1928"]
[PlyCount "105"]
[EventDate "2012.11.08"]
[EventType "swiss"]
[EventRounds "11"]
[EventCountry "SLO"]
[Source "Cbase R.Goldau"]
[SourceDate "2000.03.01"]

1. e4 e5 2. Nf3 Nf6 3. d4 Nxe4 4. Bd3 d5 5. dxe5 Nc6 6. Qe2 Nc5 7. Bb5 Bg4 8.
Be3 Ne6 9. c3 Be7 10. Nbd2 O-O 11. Qd3 a6 12. Bxc6 bxc6 13. Nd4 Nc5 14. Qc2 Qd7
15. O-O f6 16. f4 fxe5 17. fxe5 Bh5 18. N2b3 Ne4 19. e6 Qe8 20. c4 Bd6 21.
Rxf8+ Qxf8 22. cxd5 cxd5 23. Qc6 Rd8 24. Rf1 Qe7 25. Bf4 Bxf4 26. Rxf4 Qg5 27.
Qxc7 Rd6 28. Qc8+ Rd8 29. Qc7 Rd6 30. e7 h6 31. Qc8+ Kh7 32. Qf5+ Bg6 33. Qxg5
hxg5 34. Rf8 Nf6 35. Rd8 Rd7 36. Rxd7 Nxd7 37. Ne6 Kg8 38. Nxg5 Be8 39. Nd4 Nf6
40. Nde6 a5 41. Kf2 Bd7 42. Nc5 Be8 43. Ke3 Ng4+ 44. Kd4 Nxh2 45. Nce6 Ng4 46.
Nc7 Nf6 47. Nxe8 Nxe8 48. Kxd5 g6 49. Ke6 Kg7 50. Kd7 Nf6+ 51. Kd8 a4 52. Ne4
a3 53. bxa3 1-0

[Event "Wch-U14"]
[Site "Maribor SLO"]
[Date "2012.11.11"]
[Round "4.30"]
[White "Peczely, Sebastian Zsombor"]
[Black "Plotkin, Mark"]
[Result "1-0"]
[WhiteElo "2092"]
[BlackElo "1928"]
[PlyCount "111"]
[EventDate "2012.11.08"]
[EventType "swiss"]
[EventRounds "11"]
[EventCountry "SLO"]
[Source "Cbase R.Goldau"]
[SourceDate "2000.03.01"]

1. e4 e5 2. Nf3 Nf6 3. d4 Nxe4 4. Bd3 d5 5. dxe5 Nc6 6. O-O Bg4 7. c4 Nxe5 8.
Bxe4 dxe4 9. Qxd8+ Rxd8 10. Nxe5 Be6 11. Re1 Bd6 12. Bf4 f6 13. Nd3 Bxc4 14.
Bxd6 Rxd6 15. Rxe4+ Be6 16. Nc3 Kf7 17. Rae1 Rxd3 18. Rxe6 Rd7 19. h3 c6 20.
R6e2 Rhd8 21. b4 Rc7 22. g3 Rd4 23. a3 Rc4 24. Ne4 Rd7 25. Nc5 Rc7 26. Rd1 a5
27. Ne6 Rc8 28. Rd7+ Kg6 29. Rxg7+ Kh6 30. Rf7 Rg8 31. Rxf6+ Rg6 32. Rxg6+ hxg6
33. bxa5 Ra4 34. Rb2 Rxa5 35. Rxb7 Rxa3 36. Rc7 Rc3 37. Kg2 Rc1 38. h4 g5 39.
Nxg5 c5 40. Ne4 c4 41. Rc5 Kg6 42. Kf3 Kh6 43. Ke2 Ra1 44. Rxc4 Kh5 45. Kf3
Ra3+ 46. Rc3 Ra6 47. Rc5+ Kh6 48. g4 Rg6 49. Kf4 Re6 50. f3 Ra6 51. Rd5 Ra1 52.
Rd6+ Kg7 53. h5 Rf1 54. g5 Ra1 55. Rd7+ Kh8 56. Nd6 1-0

[Event "Wch-U14"]
[Site "Maribor SLO"]
[Date "2012.11.12"]
[Round "5.54"]
[White "Plotkin, Mark"]
[Black "Mamyrbay, Assad"]
[Result "1/2-1/2"]
[WhiteElo "1928"]
[BlackElo "1590"]
[PlyCount "96"]
[EventDate "2012.11.08"]
[EventType "swiss"]
[EventRounds "11"]
[EventCountry "SLO"]
[Source "Cbase R.Goldau"]
[SourceDate "2000.03.01"]

1. e4 c5 2. Nf3 d6 3. c3 Nf6 4. Bd3 g6 5. O-O Bg7 6. Bc2 O-O 7. Re1 Nc6 8. d3
d5 9. Nbd2 dxe4 10. Nxe4 Nxe4 11. dxe4 Qc7 12. h3 b6 13. Qe2 Bb7 14. Be3 e6 15.
Rad1 Rae8 16. Qd2 Na5 17. Qc1 Nc4 18. Bg5 Bc6 19. Bb3 Na5 20. Bc2 Nc4 21. b3
Ne5 22. Nxe5 Bxe5 23. Bh6 Bg7 24. Bxg7 Kxg7 25. f4 Qb7 26. Re2 f5 27. e5 Rd8
28. Red2 Qa8 29. b4 c4 30. Rxd8 Rxd8 31. Rxd8 Qxd8 32. Qd1 Bd5 33. Kh2 h5 34.
Ba4 a6 35. Bc6 Kf7 36. Kg1 b5 37. Qd4 Ke7 38. Bxd5 Qxd5 39. Qxd5 exd5 40. Kf2
d4 41. cxd4 Ke6 42. g3 Kd5 43. Ke3 Ke6 44. h4 Kd5 45. Kd2 Ke6 46. Kc2 Kd5 47.
Kc3 Ke6 48. a4 Kd5 1/2-1/2

[Event "Wch-U14"]
[Site "Maribor SLO"]
[Date "2012.11.14"]
[Round "7.52"]
[White "Plotkin, Mark"]
[Black "Dolinar, Matic"]
[Result "1-0"]
[WhiteElo "1928"]
[BlackElo "1725"]
[PlyCount "53"]
[EventDate "2012.11.08"]
[EventType "swiss"]
[EventRounds "11"]
[EventCountry "SLO"]
[Source "Cbase R.Goldau"]
[SourceDate "2000.03.01"]

1. e4 c5 2. c3 Nf6 3. e5 Nd5 4. d4 cxd4 5. Nf3 e6 6. cxd4 Nc6 7. Nc3 Nxc3 8.
bxc3 d6 9. exd6 Bxd6 10. Bd3 e5 11. dxe5 Nxe5 12. Nxe5 Bxe5 13. O-O Bxc3 14.
Ba3 Qa5 15. Re1+ Bxe1 16. Qe2+ Be6 17. Bb5+ Kd8 18. Qd3+ Kc8 19. Rc1+ Qc7 20.
Rxc7+ Kxc7 21. Qc2+ Kd8 22. Qd1+ Kc7 23. Qc1+ Kd8 24. Bd6 Ba5 25. Qg5+ Kc8 26.
Qc5+ Kd8 27. Be7# 1-0

[Event "Wch-U14"]
[Site "Maribor SLO"]
[Date "2012.11.15"]
[Round "8.28"]
[White "Bora, Safal"]
[Black "Plotkin, Mark"]
[Result "1-0"]
[WhiteElo "2087"]
[BlackElo "1928"]
[PlyCount "107"]
[EventDate "2012.11.08"]
[EventType "swiss"]
[EventRounds "11"]
[EventCountry "SLO"]
[Source "Cbase R.Goldau"]
[SourceDate "2000.03.01"]

1. Nf3 Nf6 2. c4 c5 3. g3 Nc6 4. Bg2 e6 5. O-O Be7 6. Nc3 O-O 7. d4 cxd4 8.
Nxd4 Nxd4 9. Qxd4 d6 10. Rd1 a6 11. Bg5 Qa5 12. Bxf6 gxf6 13. Ne4 Qe5 14. Nxd6
Bxd6 15. Qxd6 Qxb2 16. e3 a5 17. Qe7 Qe5 18. Rd4 f5 19. Rad1 h6 20. Rd8 Rxd8
21. Rxd8+ Kg7 22. Qf8+ Kg6 23. Rxc8 Rxc8 24. Qxc8 Qa1+ 25. Bf1 Qxa2 26. Qxb7
Qc2 27. Qa7 a4 28. c5 Kg7 29. Qa6 Qxc5 30. Qxa4 Qc1 31. Kg2 Qc7 32. Qd4+ Kg6
33. e4 f4 34. gxf4 Qxf4 35. Qe3 Qf6 36. Qg3+ Kh7 37. e5 Qe7 38. Bd3+ Kh8 39.
Qf4 Kg7 40. Be4 Qd8 41. Kg3 Qe7 42. Kg4 Qd8 43. Kh5 Qd1+ 44. Bf3 Qf1 45. Qxh6+
Kg8 46. Qg5+ Kf8 47. Qd8+ Kg7 48. Qf6+ Kf8 49. Bg4 Ke8 50. Kh6 Qg1 51. Bh5 Qxh2
52. Qxf7+ Kd8 53. Qf6+ Kc8 54. Qxe6+ 1-0

[Event "Wch-U14"]
[Site "Maribor SLO"]
[Date "2012.11.16"]
[Round "9.47"]
[White "Plotkin, Mark"]
[Black "Hladnic, Emanuel"]
[Result "1-0"]
[WhiteElo "1928"]
[BlackElo "1796"]
[PlyCount "61"]
[EventDate "2012.11.08"]
[EventType "swiss"]
[EventRounds "11"]
[EventCountry "SLO"]
[Source "Cbase R.Goldau"]
[SourceDate "2000.03.01"]

1. e4 c5 2. c3 d5 3. exd5 Qxd5 4. d4 Nf6 5. Nf3 Bg4 6. Be2 e6 7. Be3 cxd4 8.
cxd4 Be7 9. Nc3 Qd6 10. h3 Bh5 11. O-O O-O 12. Qb3 Nc6 13. Rac1 Nb4 14. Nb5 Qd8
15. g4 Bg6 16. Ne5 Nbd5 17. Nc3 Rc8 18. Bf3 Nxc3 19. Nxg6 Ne2+ 20. Bxe2 hxg6
21. Qxb7 Rb8 22. Qxa7 Rxb2 23. Bf3 Bd6 24. Rc6 Bb8 25. Qa3 Rb5 26. Rfc1 Ra5 27.
Qb3 Qe7 28. Bd2 Ra3 29. Bb4 Rxb3 30. Bxe7 Rxf3 31. Bxf8 1-0

[Event "Wch-U14"]
[Site "Maribor SLO"]
[Date "2012.11.18"]
[Round "11.48"]
[White "Plotkin, Mark"]
[Black "Conradie, Andre"]
[Result "1-0"]
[WhiteElo "1928"]
[BlackElo "1659"]
[PlyCount "61"]
[EventDate "2012.11.08"]
[EventType "swiss"]
[EventRounds "11"]
[EventCountry "SLO"]
[Source "Cbase R.Goldau"]
[SourceDate "2000.03.01"]

1. e4 c6 2. d4 d5 3. exd5 cxd5 4. c4 Nf6 5. Nc3 Nc6 6. Nf3 Bg4 7. cxd5 Nxd5 8.
Bc4 e6 9. h3 Bh5 10. Bxd5 exd5 11. O-O Be7 12. g4 Bg6 13. Qb3 O-O 14. Qxb7 Rc8
15. Be3 h5 16. Ne5 Qd6 17. f4 hxg4 18. hxg4 Nxe5 19. fxe5 Qe6 20. Qxd5 Qxg4+
21. Qg2 Qe6 22. Rf3 Bb4 23. Bg5 Qb6 24. Rd1 Rc4 25. Nd5 Qb7 26. Rh3 Qc6 27.
Nf6+ gxf6 28. Qh2 Kg7 29. exf6+ Qxf6 30. Bxf6+ Kxf6 31. Qe5# 1-0

[Event "Wch U14"]
[Site "Caldas Novas BRA"]
[Date "2011.11.18"]
[Round "1.1"]
[White "Bodek, Michael"]
[Black "Plotkin, Mark"]
[Result "1-0"]
[WhiteElo "2236"]
[BlackElo "1826"]
[PlyCount "101"]
[EventDate "2011.11.18"]
[EventType "swiss"]
[EventRounds "9"]
[EventCountry "BRA"]

1. e4 e6 2. d4 d5 3. Nc3 Nf6 4. Bg5 Bb4 5. e5 h6 6. Bd2 Bxc3 7. bxc3 Ne4 8. Qg4
g6 9. Bd3 Nxd2 10. Kxd2 b6 11. h4 h5 12. Qf4 Ba6 13. Nf3 Bxd3 14. cxd3 c5 15.
dxc5 bxc5 16. Rhb1 Qc7 17. Rb2 Nd7 18. Rab1 Rb8 19. Rxb8+ Nxb8 20. Qa4+ Nd7 21.
Qa6 Nb6 22. a4 O-O 23. a5 Nc8 24. Rb7 Qd8 25. Ng5 c4 26. d4 Qe8 27. Rc7 Ne7 28.
Qb7 Nf5 29. g3 Nh6 30. Rd7 a6 31. Ke2 Ng4 32. Kf1 Nh6 33. Kg2 Ng4 34. Nh3 Nh6
35. Nf4 Qc8 36. Nxg6 Qxb7 37. Ne7+ Kh8 38. Rxb7 Ra8 39. Nc6 Kg7 40. Rb8 Rxb8
41. Nxb8 Nf5 42. Nxa6 Ne7 43. Nb8 Kf8 44. a6 Nc8 45. Nc6 Ke8 46. a7 Nb6 47. g4
hxg4 48. h5 f5 49. exf6 Kf7 50. Nb8 e5 51. Nd7 1-0

[Event "Wch U14"]
[Site "Caldas Novas BRA"]
[Date "2011.11.20"]
[Round "3.1"]
[White "Novoa, Fernando"]
[Black "Plotkin, Mark"]
[Result "1/2-1/2"]
[WhiteElo "2048"]
[BlackElo "1826"]
[PlyCount "129"]
[EventDate "2011.11.18"]
[EventType "swiss"]
[EventRounds "9"]
[EventCountry "BRA"]

1. d4 Nf6 2. c4 g6 3. Nc3 d5 4. Nf3 Bg7 5. Qb3 dxc4 6. Qxc4 O-O 7. e4 a6 8. Qb3
Bg4 9. Be3 b6 10. Be2 Nc6 11. Rd1 Nd7 12. e5 Na5 13. Qa4 c6 14. b4 Nb7 15. h3
b5 16. Qc2 Bf5 17. Qc1 Nb6 18. Bh6 Nd5 19. Bxg7 Kxg7 20. a3 Qb6 21. O-O a5 22.
Nxd5 cxd5 23. Qb2 Rac8 24. Rc1 Nd8 25. Rxc8 Bxc8 26. Rc1 Bd7 27. Nd2 a4 28. Nf3
Ne6 29. Qd2 Rc8 30. Rxc8 Bxc8 31. Qc3 Bd7 32. g3 Qc7 33. Qxc7 Nxc7 34. Kg2 Bf5
35. Nd2 Bc2 36. Kf3 f6 37. Ke3 Kf7 38. f4 Ke6 39. g4 Kd7 40. Nf3 Kc6 41. exf6
exf6 42. g5 fxg5 43. fxg5 Na6 44. Ne5+ Kb6 45. Kd2 Bf5 46. Bg4 Bxg4 47. Nxg4
Nc7 48. Nf6 Ne6 49. Ke3 Nxg5 50. h4 Nf7 51. Nxd5+ Kc6 52. Nc3 Nd6 53. d5+ Kb6
54. Kf4 Nc4 55. Nb1 h6 56. Ke4 Kc7 57. Kd4 Kd6 58. Ke4 g5 59. hxg5 hxg5 60. Nc3
Nxa3 61. Kf5 Nc2 62. Nxb5+ Kxd5 63. Nc3+ Kc4 64. Nxa4 Kxb4 65. Kxg5 1/2-1/2

[Event "Wch U14"]
[Site "Caldas Novas BRA"]
[Date "2011.11.20"]
[Round "4.1"]
[White "Plotkin, Mark"]
[Black "Rydl, Jiri"]
[Result "1/2-1/2"]
[WhiteElo "1826"]
[BlackElo "1994"]
[PlyCount "131"]
[EventDate "2011.11.18"]
[EventType "swiss"]
[EventRounds "9"]
[EventCountry "BRA"]

1. e4 e6 2. d4 d5 3. Nc3 Nf6 4. Bg5 Be7 5. e5 Nfd7 6. Bxe7 Qxe7 7. a3 a6 8.
Nce2 c5 9. c3 b5 10. f4 Nc6 11. Nf3 a5 12. Ng3 Rb8 13. f5 b4 14. axb4 cxd4 15.
Qa4 dxc3 16. bxc3 Ncxe5 17. Nxe5 exf5 18. Kf2 axb4 19. Nxd7 Bxd7 20. Qa7 O-O
21. Bd3 Qd6 22. Qd4 bxc3 23. Rhe1 Rb4 24. Qxc3 Qb6+ 25. Kf1 Rf4+ 26. Ke2 Rc8
27. Qa3 Rf2+ 28. Kd1 g6 29. Re2 Rf4 30. Rc1 Ba4+ 31. Kd2 Rxc1 32. Qxc1 d4 33.
Ke1 Qb4+ 34. Qd2 Qxd2+ 35. Rxd2 Rh4 36. h3 Bc6 37. Rc2 Bd5 38. Bxf5 Rf4 39. Bd3
h5 40. Ne2 Rf6 41. Nxd4 Bxg2 42. Rxg2 Rd6 43. Bxg6 fxg6 44. Nf3 Kg7 45. Kf2 Kf6
46. h4 Ra6 47. Kg3 Ra3 48. Rb2 Kf5 49. Rb5+ Kf6 50. Rd5 Ke6 51. Re5+ Kf6 52.
Re4 Rb3 53. Kf4 Rb1 54. Ra4 Kg7 55. Ra7+ Kf6 56. Ra6+ Kg7 57. Ne5 Rf1+ 58. Kg3
Kh7 59. Kg2 Rf4 60. Kh3 Re4 61. Nxg6 Re3+ 62. Kg2 Re4 63. Kf3 Rg4 64. Nf8+ Kg8
65. Ne6 Rxh4 66. Ng7 1/2-1/2

[Event "Wch U14"]
[Site "Caldas Novas BRA"]
[Date "2011.11.22"]
[Round "5.1"]
[White "Aguiar, Henrique Rui Neves"]
[Black "Plotkin, Mark"]
[Result "1-0"]
[WhiteElo "2028"]
[BlackElo "1826"]
[PlyCount "51"]
[EventDate "2011.11.18"]
[EventType "swiss"]
[EventRounds "9"]
[EventCountry "BRA"]

1. e4 e5 2. Nf3 Nf6 3. Nxe5 d6 4. Nf3 Nxe4 5. d4 Be7 6. Bd3 d5 7. O-O O-O 8.
Re1 Nf6 9. h3 c5 10. dxc5 Bxc5 11. Bg5 Qb6 12. Bh4 Qxb2 13. Nbd2 Nbd7 14. Nb3
Bb6 15. Nfd4 Qa3 16. Qf3 Kh8 17. Nf5 Bd8 18. Bg3 Qa4 19. Bd6 Rg8 20. Be7 Bxe7
21. Rxe7 Nf8 22. Nh6 gxh6 23. Qxf6+ Rg7 24. Rxf7 Ne6 25. Rxg7 Qd4 26. Rxh7+ 1-0

[Event "Fall ProAm"]
[Site "Guelph CAN"]
[Date "2011.11.05"]
[Round "1"]
[White "Plotkin, Mark"]
[Black "Sundar, Avinaash"]
[Result "1/2-1/2"]
[WhiteElo "1912"]
[BlackElo "2242"]
[PlyCount "93"]
[EventDate "2011.11.05"]
[EventType "swiss"]
[EventRounds "5"]
[EventCountry "CAN"]

1. e4 c5 2. Nf3 Nc6 3. c3 d5 4. exd5 Qxd5 5. d4 Bg4 6. Be2 e6 7. Be3 cxd4 8.
cxd4 Nf6 9. Nc3 Bb4 10. O-O Qa5 11. Qb3 O-O 12. a3 Bxc3 13. bxc3 Qc7 14. h3 Bh5
15. Rac1 Rfd8 16. Rfd1 Nd5 17. c4 Nxe3 18. Qxe3 Rd6 19. d5 Ne7 20. Nd4 Bxe2 21.
Qxe2 Qc5 22. Nb5 Rb6 23. d6 Ng6 24. Qe3 Qxe3 25. fxe3 a6 26. Na7 Ne5 27. c5 Rb3
28. d7 Rd8 29. c6 bxc6 30. Nxc6 Nxc6 31. Rxc6 Kf8 32. Rxa6 Rxe3 33. a4 Ke7 34.
Ra7 Ra3 35. a5 h5 36. a6 g5 37. Rd2 g4 38. hxg4 hxg4 39. Kf2 f5 40. Ke2 e5 41.
g3 Ke6 42. Rd3 Ra2+ 43. Rd2 f4 44. Kf2 Ra3 45. gxf4 exf4 46. Re2+ Kd6 47. Rd2+
1/2-1/2

[Event "Fall ProAm"]
[Site "Guelph CAN"]
[Date "2011.11.05"]
[Round "2"]
[White "Filipovich, David"]
[Black "Plotkin, Mark"]
[Result "1/2-1/2"]
[WhiteElo "2223"]
[BlackElo "1912"]
[PlyCount "32"]
[EventDate "2011.11.05"]
[EventType "swiss"]
[EventRounds "5"]
[EventCountry "CAN"]

1. Nf3 Nf6 2. g3 g6 3. Bg2 Bg7 4. O-O O-O 5. d4 c5 6. dxc5 Qa5 7. a3 Qxc5 8. b4
Qh5 9. Bb2 d6 10. c4 Bh3 11. Nc3 Nbd7 12. Qb3 Rac8 13. Nd5 Nxd5 14. Bxg7 Bxg2
15. Bxf8 Bxf1 16. Rxf1 Kxf8 1/2-1/2